000 00847nam a2200217Ia 4500
003 GCL
008 140319s9999 xx 000 0 ara d
040 _aGCL /
_cGCL
082 0 4 _a210
_bق ك
100 1 _aالقيروانى : ابو عبدالله محمد بن على البجلى
245 1 0 _aكتاب الجامع فى السنن والاداب والمغازى والتاريخ /
_cالقيروانى : ابو عبدالله محمد بن على البجلى
700 1 _aمحمد ابوالاجفان
700 1 _aعثمان بطيخ (تحقيق)
300 _a345 ص
490 _aمن تراثنا الاسلامى
_v0
650 0 4 _aالسيرة النبوية
650 0 4 _aالتاريخ الاسلامى
650 0 4 _aالغزوات الاسلامية
650 0 4 _aالسنة - افعال الرسول
942 _2ddc
_cBK
999 _c38805
_d38805